000 01035cab a2200169 4500
001 ##L132504
008 060213n2006 000 0 eng u
035 _a(Sirsi) u132504
041 0 _aeng
245 0 0 _aUK REITs make a wrong start
260 _c2006
490 0 _aEuroProperty
_vFebruary 2006, 16(1)
520 _aExamines the affects of two restrictions that the UK REIT regime looks set to introduce when it is in place by January 2007. Rule one is that no one person will be able to own more than 10% of a REIT's shares. This would disqualify many small and medium-sized companies, and in some cases a fewer larger ones too. The second rule applies to restrictions on gearing, that will prevent most major companies from converting. Therefore, if a REIT's interest cover is less than 2.5% an additional tax charge will be included. The article provides a concise list of proposed UK REIT regulations.
590 _aIKA140206
690 _aPROPERTY-PROPERTY FINANCE AND INVESTMENT-REAL ESTATE INVESTMENT TRUSTS
942 _n0
999 _c76478
_d76478